Gate Notes Ape (Jrf ) (Record no. 982)
[ view plain ]
| 000 -LEADER | |
|---|---|
| fixed length control field | 00206nam a22000977a 4500 |
| 041 ## - LANGUAGE CODE | |
| Language code of text/sound track or separate title | ENG |
| 245 ## - TITLE STATEMENT | |
| Title | Gate Notes Ape (Jrf ) |
| 260 ## - PUBLICATION, DISTRIBUTION, ETC. (IMPRINT) | |
| Place of publication, distribution, etc | Dapoli |
| Name of publisher, distributor, etc | Caet |
| Date of publication, distribution, etc | 2001 |
| 650 ## - SUBJECT ADDED ENTRY--TOPICAL TERM | |
| Topical term or geographic name as entry element | APE |
| 856 ## - ELECTRONIC LOCATION AND ACCESS | |
| Uniform Resource Identifier | Competitive Exam ( 35 ) |
| Withdrawn status | Lost status | Source of classification or shelving scheme | Damaged status | Not for loan | Home library | Current library | Shelving location | Date acquired | Total Checkouts | Barcode | Date last seen | Price effective from | Koha item type |
|---|---|---|---|---|---|---|---|---|---|---|---|---|---|
| Dewey Decimal Classification | College of Agricultural Engineering and Technology, Dapoli , Library | College of Agricultural Engineering and Technology, Dapoli , Library | Book Cart | 09/09/2021 | 003327 | 09/09/2021 | 09/09/2021 | Books |